| 000 | 00375 a2200157 4500 | ||
|---|---|---|---|
| 001 | 155313 | ||
| 040 | _cEscola São Tomás de Aquino | ||
| 100 | _aGIOVANNI JÚNIOR, José Ruy | ||
| 240 | 1 | 0 |
_aMatemática pensar e descobrir _lpor |
| 245 | 1 | 0 | _aMatemática pensar e descobrir |
| 300 | _a192 | ||
| 362 | 0 | _a1996 | |
| 440 | 1 | _aFTD | |
| 697 | _aMATEMÁTICA | ||
| 942 | _cBK | ||
| 999 |
_c155313 _d155313 |
||